000 00856nam0a22002531 4500
001 rc\610950
005 20250621182821.0
035 _a(NLR Aleph) 005854608
090 _a5814533
_c5814533
100 _a20031121d1986 |||y0rusy50 ca
101 0 _arus
102 _aRU
105 _aa |||||||||
200 1 _aЭкология и охрана природы
_e[Учеб. пособие для вузов по спец. "Биология"]
210 _aВоронеж
_cИзд-во Воронеж. ун-та
_d1986
215 _a279, [1] с.
_cил.
_d21
320 _aБиблиогр.: с. 273-274
320 _aПредм. указ.: с. 275-278
700 1 _aСкуфьин
_bК.В.
_f1908-
_gКонстантин Васильевич
801 0 _aRU
_bNLR
_gpsbo
801 1 _aRU
_bELAR
_2rusmarc
852 _aNLR
_j86-3/11973
942 _cBOOK
980 _aNB